| 000 | 00792cam a22002653a 4500 | ||
|---|---|---|---|
| 001 | 21756 | ||
| 003 | PGUSA | ||
| 005 | 20140828083449.0 | ||
| 008 | 070607s2007||||xxu|||||s|||||000 1 eng d | ||
| 040 |
_aPGUSA _beng |
||
| 042 | _adc | ||
| 050 | 4 | _aPZ | |
| 100 | 1 |
_aBallantyne, R. M. _q(Robert Michael), _d1825-1894 |
|
| 245 | 1 | 0 |
_aPhilosopher Jack _h[electronic resource] / _cR. M. Ballantyne |
| 260 |
_bProject Gutenberg, _c2007 |
||
| 506 | _aPublic domain in the USA. | ||
| 516 | _aElectronic text | ||
| 653 | _aShipwrecks -- Fiction | ||
| 653 | _aSailors -- Fiction | ||
| 653 | _aSouth Pacific Ocean -- Fiction | ||
| 653 | _aGold mines and mining -- California -- Fiction | ||
| 830 | 0 |
_aProject Gutenberg _v21756 |
|
| 856 | 4 | 0 | _uhttp://www.gutenberg.org/ebooks/21756 |
| 942 | _cEB | ||
| 999 |
_c251011 _d251011 |
||